Manual práctico de derecho de minas (Registro nro. 23955)

Detalles MARC
000 -ENCABEZADO
Número de control [NR] 00901nam a2200253Ia 4500
008 - DE LONGITUD FIJA DE DATOS DE ELEMENTOS - INFORMACIÓN GENERAL
Elementos de longitud fija [NR] 130821s1995 ck gr spa
020 ## - NUMERO INTERNACIONAL NORMALIZADO PARA LIBROS [R]
Número Internacional Normalizado del libro [NR] 9586350576
040 ## - FUENTE DE CATALOGACION [NR]
Agencia de catalogación original [NR] Co-BoUCM
Idioma de catalogación [NR] spa
041 00 - CODIGO DE IDIOMA [R]
Código de idioma para texto/pista de sonido o título separado [R] Español
100 ## - ASIENTO PRINCIPAL--NOMBRE PERSONAL [NR]
Nombre personal [NR] Torres Rico, Anibal
ID Autoridad 156977
245 00 - MENCION DE TITULO [NR]
Título [NR] Manual práctico de derecho de minas
Mención de responsabilidad, etc. [NR] Anibal Torres Rico.
260 ## - PUBLICACION, DISTRIBUCION, ETC. (PIE DE IMPRENTA) [R]
Lugar de publicación, distribución, etc. [R] Bogotá (Cundinamarca, Colombia)
Nombre del editor, distribuidor, etc. [R] Libreria del Profesional
Fecha de publicación, distribución, etc. [R] 1995
300 ## - DESCRIPCION FISICA [R]
Extensión [R] 377 páginas
504 ## - NOTA DE BIBLIOGRAFIA, ETC. [R]
Nota de bibliografía, etc. [NR]
610 ## - ASIENTO SECUNDARIO DE MATERIA - NOMBRE CORPORATIVO [R]
Nombre corporativo o nombre de la jurisdicción como elemento de entrada [NR] Fondo Nacional de Regalías
9 (RLIN) 4242
650 04 - ASIENTO SECUNDARIO DE MATERIA - TERMINO TEMATICO [R]
Término temático o nombre geográfico como elemento de entrada [NR] Carbón
Subdivisión general [R] Legislación
Subdivisión geográfica [R] Colombia
9 (RLIN) 10478
650 04 - ASIENTO SECUNDARIO DE MATERIA - TERMINO TEMATICO [R]
Término temático o nombre geográfico como elemento de entrada [NR] Derecho minero
9 (RLIN) 12796
650 04 - ASIENTO SECUNDARIO DE MATERIA - TERMINO TEMATICO [R]
Término temático o nombre geográfico como elemento de entrada [NR] Derecho minero
Subdivisión geográfica [R] Colombia
9 (RLIN) 35074
650 04 - ASIENTO SECUNDARIO DE MATERIA - TERMINO TEMATICO [R]
Término temático o nombre geográfico como elemento de entrada [NR] Minas
Subdivisión general [R] Legislación
Subdivisión geográfica [R] Colombia
9 (RLIN) 35075
650 04 - ASIENTO SECUNDARIO DE MATERIA - TERMINO TEMATICO [R]
Término temático o nombre geográfico como elemento de entrada [NR] Minas
Subdivisión geográfica [R] Colombia
Subdivisión de forma [R] Estadísticas
9 (RLIN) 19560
650 04 - ASIENTO SECUNDARIO DE MATERIA - TERMINO TEMATICO [R]
Término temático o nombre geográfico como elemento de entrada [NR] Petróleo
Subdivisión general [R] Legislación
Subdivisión geográfica [R] Colombia
9 (RLIN) 21479
942 ## - ELEMENTOS DE ENTRADA AGREGADOS (KOHA)
Tipo de ítem principal el descrito en 300a Libro
Tema principal Derecho
Edición 1
Parte restante de la signatura top. T67
Sistema de clasificación DEWEY
Clasificación 343.0775
Existencias
Fecha de último préstamo Total préstamos Total Renewals Signatura topográfica Código de barras Última vez visto Volúmen / Fascículo Ejemplar Price effective from Tipo de ítem Perdido Sistema de clasificación Dañado No prestable Tipo de ítem específico Suprimido Ubicación habitual Ubicación actual Localización Fecha de creación Forma de adquisición Costo
13/08/2022 38 6 343.0775 T67 100046518 01/07/2026 1a. Ed. Ej.1 03/02/2013 Libro   DEWEY     Libro   Claustro Claustro 3er piso 28/02/2003 Donación 2000.00